000 00332nam a22001097a 4500
082 _a001
100 _aतिवारी धर्मेन्‍द
_980971
245 _aत‍थ्‍यात्‍मक मध्‍यप्रदेश 3edijtion
260 _aआई टारगेट
650 _ag k
_917291
942 _cBK
999 _c64184
_d64184